|
|
|
|
| LEADER |
00000nab a2200000 a 4500 |
| 001 |
vtls000889993 |
| 003 |
SK-MaSNL |
| 005 |
20260304121646.0 |
| 008 |
250429c2004 xo zr|p|||||||000 b|slo |
| 015 |
|
|
|a SNBRx2004/11
|2 snkbucl
|
| 035 |
|
|
|a (uuid)3ca08639-1755-47c5-bcc9-dac53c3469bb
|
| 035 |
|
|
|a urn:nbn:sk:snk-abafat
|
| 035 |
|
|
|a (urnnbn)urn:nbn:sk:snk:ar-a0aee5
|
| 038 |
|
|
|a SNKBUCL
|
| 040 |
|
|
|a SNKBUCL
|b slo
|c SNKBUCL
|e AACR2
|
| 041 |
0 |
|
|a slo
|
| 044 |
|
|
|a xo
|c SK
|
| 080 |
|
|
|a 658.012.7
|2 1997
|
| 100 |
1 |
|
|a Poniščiaková, Oľga
|4 aut
|9 29131
|
| 245 |
1 |
0 |
|a Controlling v súvislostiach
|c Oľga Poniščiaková
|
| 300 |
|
|
|b Sch.
|
| 504 |
|
|
|a Bibliogr. odkazy
|
| 650 |
0 |
7 |
|a kontroling (manažment)
|2 snkbucl
|9 193161
|
| 773 |
0 |
|
|t Produktivita
|g Č. 5 (2004), s. 3-5
|x 1335-5961
|
| 850 |
|
|
|a Slovenská národná knižnica
|
| 852 |
|
|
|a Slovenská národná knižnica
|
| 954 |
|
|
|a odborná, vedecká literatúra pôvodná (slovenská)
|2 lita
|
| 958 |
|
|
|a article14
|
| 958 |
|
|
|a OND
|
| 958 |
|
|
|a NB
|
| 958 |
|
|
|a EUIPO
|
| 999 |
|
|
|c 2886199
|d 2888129
|